ბათუმის შოთა რუსთაველის სახელმწიფო უნივერსიტეტის ბიბლიოთეკა

ძველი კოლხეთის ისტორიის საკითხები / (ბიბ.ჩანაწერი № 40571)

000 -ლიდერი
ფიქსირებული სიგრძის საკონტროლო ველი 01509nam a2200301Ia 4500
001 - საკონტროლო ნომერი
საკონტროლო ველი 7196
003 - საკონტროლო ნომრის იდენტიფიკატორი
საკონტროლო ველი GE_BSU
005 - ბოლო ოპერაციის თარიღი და დრო
საკონტროლო ველი 20231024114915.0
008 - ფიქსირებული სიგრძის მონაცემთა ელემენტები - ზოგადი ინფორმაცია
ფიქსირებული სიგრძის საკონტროლო ველი 181216s2009||||ge |||||||||||||| ||geo||
020 ## - წიგნის საერთაშორისო სტანდარტული ნომერი
International Standard Book Number 9789994055548
040 ## - კატალოგიზაციის წყარო
Transcribing agency GE_BSU
041 ## - ენის კოდი
Language code of text/sound track or separate title geo
080 ## - უნივერსალური ათობითი კლასიფიკაციის ინდექსი
Universal Decimal Classification number 94(395.3) ი-50
100 ## - მთავარი ჩანაწერი - პიროვნების სახელი
Personal name ინაძე, მერი
9 (RLIN) 17458
245 ## - ცნობა სათაურის შესახებ
Title ძველი კოლხეთის ისტორიის საკითხები /
Statement of responsibility, etc მერი ინაძე ; მთ. რედ. ბუბა კუდავა (6სერიის).
264 ## - წარმოების, გამოცემის, დისტრიბუციის და სხვა ცნობები
გამოცემის, წარმოების, დისტრიბუციის... ადგილი თბილისი :
გამოცემის, წარმოების, დისტრიბუციის... სახელწოდება არტანუჯი,
გამოცემის, წარმოების, დისტრიბუციის... თარიღი 2009.
300 ## - ფიზიკური აღწერა
Extent 474 გვ. ;
Dimensions 24 სმ.
490 ## - სერიის ცნობა
Series statement კოლხური სერია
Volume number/sequential designation 6 სერია
International Standard Serial Number ISSN 1512-3855
500 ## - ზოგადი შენიშვნა
General note პირთა საძიებელი
500 ## - ზოგადი შენიშვნა
General note გეოგრაფიულ სახელთა საძიებელი
504 ## - BIBLIOGRAPHY, ETC. NOTE
Bibliography, etc მერი ინაძის შრომების ბიბლიოგრაფია
520 ## - SUMMARY, ETC.
Summary, etc წინასიტყვაობა და შესავალი ქართულ და ინგლისურ ენებზე
546 ## - LANGUAGE NOTE
Language note სარჩევი ქართულ და ინგლისურ ენებზე
653 ## - INDEX TERM--UNCONTROLLED
Uncontrolled term კოლხეთის ისტორია
653 ## - INDEX TERM--UNCONTROLLED
Uncontrolled term ძველი კოლხეთის ისტორიის საკითხები
942 ## - ADDED ENTRY ELEMENTS (KOHA)
Koha item type წიგნი
Source of classification or shelving scheme
ეგზემპლარები
ჩამოწერის სტატუსი დაკარგული ეგზემპლარის სტატუსი კლასიფიკაციის წყარო ან თაროზე გაწყობის სქემა დაზიანების სტატუსი არ გაიცემა მუდმივი მდებარეობა (დაცვის ადგილი) ამჟამინდელი ადგილსამყოფელი თაროზე განთავსების ადგილი შეძენის თარიღი ღირებულება, შესყიდვის ნორმალური ფასი სრული შენახვის შიფრი შტრიხკოდი ბოლო ოპერაციის თარიღი ეგზემპლარის მიმდევრობითი ნომერი (კეტერი?) ფასის ძალაში შესვლის თარიღი ეგზემპლარის სახეობა საჯარო შენიშვნა
          ბათუმის შოთა რუსთაველის სახელმწიფო უნივერსიტეტის მთავარი ბიბლიოთეკა ბათუმის შოთა რუსთაველის სახელმწიფო უნივერსიტეტის მთავარი ბიბლიოთეკა წიგნსაცავი 2018-12-17 15.00 94(395.3) ი-50 22930 2018-12-17 22930 2018-12-17 წიგნი 15.00 ₾.
          ბათუმის შოთა რუსთაველის სახელმწიფო უნივერსიტეტის მთავარი ბიბლიოთეკა ბათუმის შოთა რუსთაველის სახელმწიფო უნივერსიტეტის მთავარი ბიბლიოთეკა წიგნსაცავი 2018-12-17 15.00 94(395.3) ი-50 22931 2018-12-17 22931 2018-12-17 წიგნი 15.00 ₾.